Score 0/30 Timer 04:00
0 Plays Today
Hint 4-Letter Word % Correct
Musical EnsembleBAND
87.7%
This is found aplenty in the surroundings of the city
OR beachy grains
•SAND•
87.5%
ProhibitsBANS
86.3%
Male voice typeBASS
82.8%
What Timbuktu was made of according to legend
OR a prized medal or metal
•GOLD•
82%
Natural resource used for trade
OR NaCl
•SALT•
81.9%
AuctionSALE
78.6%
CourageousBOLD
78.6%
Walk through waterWADE
77%
SubmergedSANK
74.2%
2008 Disney movieBOLT
71.4%
HogBOAR
68.2%
Common way of transport of trade items•BOAT•
68.1%
Major problem for the canal leading to Timbuktu
OR Water sediments
•SILT•
67.6%
Add a shiny layerGILD
67.3%
Hint 4-Letter Word % Correct
BundleBALE
64.2%
14th century trade item of Timbuktu
OR a Tome
•BOOK•
64.1%
Young herringSILD
59%
UtteredBADE
57.8%
FootwearSOCK
57.2%
Clumsy personBOOR
56.1%
Heavy blowBASH
54.8%
Timbuktu has experienced this multiple timesSACK
52.4%
Type of beerBOCK
52.1%
The country Timbuktu is in•MALI•
41.3%
Large container of waterBATH
33.6%
System to distribute waterWADI
28.1%
Topic of study in the Timbuktu manuscriptsMATH
27.5%
Timbuktu is nicknamed: the city of ___
OR a legendary story
•MYTH•
26.3%
Title of the governor of the province of Timbuktu•WALI•
25.4%

Today's Daily Dose

Remove Ads.
Support Sporcle.
Get the best of Sporcle when you Go Orange. This ad-free experience offers more features, more stats, and more fun while also helping to support Sporcle. Thank you for becoming a member.

You're not logged in!

Compare scores with friends on all Sporcle quizzes.
OR
Log In

Show Comments

Extras

Top Quizzes Today


Score Distribution

Your Account Isn't Verified!

In order to create a playlist on Sporcle, you need to verify the email address you used during registration. Go to your Sporcle Settings to finish the process.

Report this User

Report this user for behavior that violates our Community Guidelines.

Details: